[Event "Stay Safe Play From Home 185"]
[Site "T#646428Emanuel Laske"]
[Date "2020.05.29"]
[Round "7"]
[White "Mepe_Nika"]
[Black "Rogan"]
[Result "0-1"]
[WhiteElo "2302"]
[BlackElo "2247"]
[Annotator "TA"]
[PlyCount "142"]
[EventDate "2020.05.29"]
[EventType "swiss (blitz)"]

{[%evp 10,142,10,-19,113,125,164,170,180,-540,-153,-228,-231,-208,-193,-184,-202,-183,-189,-188,-53,-181,28,0,0,-143,-133,-156,-122,-177,-122,-135,-92,-85,-104,-91,-39,-204,49,49,50,58,58,59,72,0,0,0,8,-22,-24,-32,0,-77,-6,-8,0,0,0,0,0,0,33,-8,-8,-10,-16,-51,0,0,0,0,0,0,0,0,0,0,0,0,0,0,0,0,11,11,11,11,11,11,43,8,87,17,588,48,584,528,1019,523,496,423,295,8,8,0,8,0,8,8,8,0,8,0,29994,29995,29995,29996,29997,29990,29996,29994,29996,0,29999,0,29992,29993,29996,29993,29993,0,29999,0,29993]} 1. g3 d5 2. Bg2 c6 3. d3 Nf6 4. Nd2 Bg4 5. h3 Bh5 6. f4 {[#] g4 is the strong threat.} Nbd7 $146 {A00: Irregular Openings.} (6... Qb6 $11) ({Predecessor:} 6... Bg6 7. e4 dxe4 8. dxe4 e6 9. Qe2 Be7 10. Ngf3 Na6 11. O-O Nb4 12. Ne1 Qb6+ 13. Kh2 h5 14. a3 {1-0 (56) Azmaiparashvili,Z (2672)-Kosyrev,V (2539) chessassistantclub.com INT 2004}) 7. g4 $1 $16 Bxg4 8. hxg4 Nxg4 {White must now prevent ...Ne3.White is clearly better.} 9. Ngf3 $4 {[%mdl 8192]} (9. Ndf3 $18 {and life is good for White.}) 9... Qb6 $2 (9... Ne3 $19 {and Black stays clearly on top.} 10. f5 Qc7) 10. d4 (10. Nb3 $17 Qf2+ {[%mdl 64] Double Attack} 11. Kd2 Qxg2 12. Rg1) 10... Ne3 $1 $19 {[%csl LRd1,LRg2][%mdl 64] Double Attack} 11. Nc4 Nxg2+ 12. Kf2 dxc4 13. Kxg2 Nf6 14. c3 O-O-O (14... Qb5 $19 15. Qc2 Qd5) 15. Qc2 (15. Ne5 $15) 15... Nd5 $2 (15... e6 $19 16. b3 cxb3 17. axb3 Kb8) 16. e4 Nf6 $1 17. Be3 (17. Ne5 $11) 17... Qc7 18. b3 Ng4 19. Qd2 (19. Qe2 $17) 19... Nxe3+ (19... f6 $19 20. bxc4 e5 21. fxe5 fxe5) 20. Qxe3 $17 e6 21. bxc4 Be7 22. c5 g5 (22... Rdg8 $17) 23. f5 $2 (23. fxg5 $15 Rdg8 24. Kf2) 23... Qf4 $2 (23... exf5 $19 24. Ne5 Bxc5 $1 {[%mdl 512]}) 24. Qxf4 $14 gxf4 25. fxe6 Rdg8+ 26. Kf2 fxe6 27. Rag1 (27. Rh6 $16) 27... Rxg1 $11 28. Rxg1 {[%mdl 4096] Endgame KRB-KRN} h5 29. Rh1 h4 30. Ne5 Rh7 31. Rh3 {[#]} (31. Kf3 $11) 31... Bf6 (31... Rg7 $1 $17) 32. Ng4 Bg5 33. Kf3 b6 34. cxb6 axb6 35. Ne5 Ra7 36. Rh2 (36. Kg4 $5 {[%cal Rg4g5]} Rg7 37. Nxc6 $14) 36... Ra3 37. Kg4 Bf6 38. Rh3 Bxe5 ({Black should play} 38... c5 $1 $15 39. Nc4 Rxa2 40. Nxb6+ Kc7 41. dxc5 Ra5) 39. dxe5 $15 {KR-KR} Kd7 40. Kxf4 Rxa2 41. Rxh4 Rf2+ 42. Ke3 Rf7 43. Rh8 Re7 44. Ra8 Kc7 45. Ra7+ Kd8 46. Ra6 Kd7 47. Rxb6 {Hoping for Rb7+.} Kc7 $1 {[%cal Rc7b6]} 48. Ra6 {Threatens to win with Ra7+.} Kb7 $1 {[%cal Rb7a6]} 49. Ra2 {With the idea Kd4.} Rh7 50. Rf2 Rh3+ (50... c5 $11) 51. Rf3 (51. Kd4 $16) 51... Rh1 $2 {[%mdl 8192]} (51... Rh5 $1 $11) 52. Kd3 $2 (52. Rf6 $18 Re1+ 53. Kd4) 52... Rb1 $2 {[%mdl 8192]} ({Black should try} 52... Rh5 $14) 53. Kc4 Rd1 54. Rf7+ Kb6 55. Rf6 Re1 56. Rxe6 $2 (56. Kd4 $18) 56... Rxe4+ $11 57. Kb3 Re1 58. Re8 Rb1+ 59. Kc4 Rd1 60. e6 {White threatens e7 and mate.} Kb7 61. e7 {White wants to mate with Rh8.} Kb6 $2 {[%mdl 8192]} (61... Re1 $11) 62. Rb8+ Kc7 63. e8=Q Kd6 64. Kb3 Rd4 65. Kc2 Kc5 66. Kb3 $2 (66. Qe7+ Rd6 67. Rb4 Kd5 68. Qe4+ Kc5 69. Qc4#) 66... Rc4 $2 {[%mdl 8192]} (66... Kd6 $11 67. cxd4 c5 68. Rc8 cxd4 69. Rc6+ Kd5 70. Qe6#) 67. Kc2 $2 (67. Qe5#) 67... Rxc3+ $2 {[%mdl 8192]} (67... Rd4 $11 68. Qe7+ Rd6 69. Rb4 Kd5 70. Qe4+ Kc5 71. Qc4#) 68. Kb2 Kd5 69. Kb1 Kc5 {[#]} 70. Kb2 $2 (70. Rc8 $1 Rd3 71. Rxc6+ Kd4 72. Kc2 Rc3+ 73. Rxc3 Kd5 74. Kd3 Kd6 75. Rc6+ Kd5 76. Qe6#) 70... Rc4 $4 {[%mdl 8192]} (70... Kd5 $11 71. Kxc3 Kd6 72. Rc8 Kd5 73. Qe7 c5 74. Rxc5#) 71. Kb1 $2 (71. Qe5# {mates}) 71... Rb4+ $4 {[%mdl 40960] Accuracy: White = 52%, Black = 45%. . Loss on time!?} (71... Rc3 $11 72. Qe5+ Kc4 73. Qe4+ Kc5 74. Qb4+ Kd5 75. Rd8+ Ke5 76. Qd4+ Kf5 77. Rf8+ Kg6 78. Qxc3 c5 79. Qf6+ Kh5 80. Rg8 c4 81. Qh8#) 0-1

[Event "Stay Safe Play From Home 185"]
[Site "T#646428Emanuel Laske"]
[Date "2020.05.29"]
[Round "7"]
[White "Little champs"]
[Black "SoulofWolf"]
[Result "0-1"]
[WhiteElo "2104"]
[BlackElo "2038"]
[Annotator "TA"]
[PlyCount "84"]
[EventDate "2020.05.29"]
[EventType "swiss (blitz)"]

{[%evp 9,84,12,10,15,45,45,51,59,56,63,68,-101,-108,-106,-110,-225,-216,-291,-193,-378,-417,-388,-191,-346,-129,-272,-201,-416,-416,-425,-446,-416,-416,-428,-376,-340,-314,-308,-247,-387,-423,-614,-626,-596,-466,-553,-386,-530,-512,-537,-459,-431,-304,-287,-275,-260,-29,-316,-141,-136,-135,-262,599,-220,-218,-206,-187,-1099,-1068,-1079,-1028,-2692,-1368,-2338,-1769,-29987,-900]} 1. d4 d5 2. e3 c6 3. Nf3 e6 4. Be2 Nd7 5. O-O Bd6 6. c4 {D02: 1 d4 d5 2 Nf3 sidelines, including 2...Nf6 3 g3 and 2...Nf6 3 Bf4.} Ne7 7. Nc3 O-O {[#]} 8. e4 $146 {White is slightly better.} ({Predecessor:} 8. Qd3 Ng6 9. Re1 Nf6 10. Nd2 Re8 11. e4 Nf4 12. Qc2 e5 13. dxe5 Bxe5 14. b3 d4 15. Rd1 Nxe2+ 16. Nxe2 d3 {0-1 (16) Sarneel,J-Stotyn,F Hengelo 1998}) 8... dxe4 9. Nxe4 Bc7 10. d5 $2 (10. b3 $14 {keeps the upper hand.}) 10... exd5 $17 11. cxd5 Nxd5 12. Neg5 (12. Bg5 $17 f6 13. Bd2) 12... N7f6 $19 {aiming for ...h6.} 13. Qc2 g6 14. h4 $2 (14. Nd4 {was worth a try.}) 14... Bf5 15. Qb3 b6 (15... h6 $142 16. Nh3 Bxh3 17. gxh3 Qd7) 16. h5 $2 (16. Nd4 {was necessary.}) 16... a5 $2 (16... Nxh5 17. Bd3) (16... h6 $19 {has better winning chances.} 17. Nh3 g5) 17. Rd1 (17. hxg6 $17 {keeps fighting.} Bxg6 18. Bd3) 17... Qe7 ({Don't do} 17... Nxh5 18. g3 $19) 18. Bc4 $2 (18. Re1) 18... a4 {[%cal Ba5a4,Ba4a3][%mdl 32]} 19. Qa3 Bd6 20. b4 Bxb4 21. Qb2 a3 22. Qb3 Bc5 23. Re1 Qc7 {Threatens to win with ...h6.} 24. Bd2 (24. hxg6 $142 hxg6 25. Bxd5 Nxd5 26. Qc4) 24... h6 25. Bxd5 (25. hxg6 $142 hxg5 26. Bxg5) 25... cxd5 (25... Nxd5 $2 26. Ne4 $19) 26. Nh3 g5 27. Bc3 Ne4 28. Be5 Qc6 29. Rac1 Rad8 30. Nd4 Qe8 31. Nxf5 Qxe5 32. Nxh6+ Kh7 $2 {[#]} (32... Kg7 $19 33. Ng4 Qd4) 33. Ng4 $2 {[%mdl 8192]} (33. Nxf7 $1 $11 {[%mdl 512] and White is okay.} Rxf7 34. Rxe4 $1 {[%mdl 512]} Bxf2+ 35. Nxf2) 33... Qf5 (33... Qb2 $19 {and Black stays clearly on top.} 34. Rb1 Qxb3 35. Rxb3 f5) 34. Ne3 Qf6 35. Ng4 (35. Qc2 $17 {might work better.}) 35... Qe6 $4 {[%mdl 8192] [#]} (35... Qb2 $19 {avoids the disaster.} 36. Rb1 Qxb3 37. Rxb3 f5) 36. Ne3 $4 {[%mdl 8192]} (36. Rxe4 $1 $18 {[%mdl 512]} Qf5 (36... dxe4 37. Nxg5+) 37. Ra4) 36... f5 37. f3 g4 38. fxg4 $2 (38. Rxc5 bxc5 39. Nf4) 38... fxg4 39. Ng5+ Nxg5 40. Kh2 Bd6+ 41. g3 Ne4 42. Nf5 Bxg3+ {Accuracy: White = 23%, Black = 39%.} (42... Qxf5 $142 43. Qe3 Qxh5+ 44. Kg1 Nxg3 45. Qxg3 Bxg3 46. Re2 {[#]} Bf2+ $1 {[%mdl 512]} 47. Rxf2 Rxf2 48. Rc7+ Rf7 49. Rxf7+ Qxf7 50. Kg2 Qf4 51. Kh1 Qf1+ 52. Kh2 Rf8 53. Kg3 Qh3#) 0-1

[Event "Stay Safe Play From Home 185"]
[Site "T#646428Emanuel Laske"]
[Date "2020.05.29"]
[Round "7"]
[White "Lazieri3"]
[Black "The Next Contender"]
[Result "1-0"]
[WhiteElo "2026"]
[BlackElo "1975"]
[Annotator "NA RC"]
[PlyCount "35"]
[EventDate "2020.05.29"]
[EventType "swiss (blitz)"]

1. e4 {[%emt 0:00:01]} d5 {[%emt 0:00:00]} 2. Nc3 {[%emt 0:00:01]} dxe4 {[%emt 0:00:01]} 3. Nxe4 {[%emt 0:00:00]} Bf5 {[%emt 0:00:00]} 4. Ng3 {[%emt 0:00:01]} Bg6 {[%emt 0:00:00]} 5. Nf3 {[%emt 0:00:01]} e6 {[%emt 0:00:00]} 6. d4 {[%emt 0:00:00]} c6 {[%emt 0:00:00]} 7. Bd3 {[%emt 0:00:01]} f6 {[%emt 0:00:00]} 8. Bxg6+ {[%emt 0:00:00]} hxg6 {[%emt 0:00:00]} 9. Qd3 {[%emt 0:00:01]} Kf7 {[%emt 0:00:02]} 10. Ne2 {[%emt 0:00:01]} Nh6 {[%emt 0:00:01]} 11. Nf4 {[%emt 0:00:01]} f5 {[%emt 0:00:03]} 12. Ne5+ {[%emt 0:00:02]} Kg8 {[%emt 0:00:01]} 13. Nfxg6 {[%emt 0:00:01]} Be7 {[%emt 0:00:01]} 14. Nxh8 {[%emt 0:00:01]} Kxh8 {[%emt 0:00:01]} 15. Qh3 {[%emt 0:00:03]} Bg5 {[%emt 0:00:01]} 16. Bxg5 {[%emt 0:00:02]} Qe8 {[%emt 0:00:02]} 17. Bxh6 {[%emt 0:00:01]} gxh6 {[%emt 0:00:01]} 18. Qxh6+ {[%emt 0:00:00] The Next Contender resigns (Lag: Av=0.54s, max=0.8s)} 1-0

[Event "Stay Safe Play From Home 185"]
[Site "T#646428Emanuel Laske"]
[Date "2020.05.29"]
[Round "7"]
[White "Fischer_11"]
[Black "Trotsky"]
[Result "1-0"]
[WhiteElo "1978"]
[BlackElo "1560"]
[Annotator "NA RC"]
[PlyCount "57"]
[EventDate "2020.05.29"]
[EventType "swiss (blitz)"]

1. e4 {[%emt 0:00:02]} c5 {[%emt 0:00:03]} 2. d4 {[%emt 0:00:00]} cxd4 {[%emt 0:00:01]} 3. c3 {[%emt 0:00:00]} Nf6 {[%emt 0:00:01]} 4. cxd4 {[%emt 0:00:01]} e6 {[%emt 0:00:00]} 5. e5 {[%emt 0:00:01]} Nd5 {[%emt 0:00:02]} 6. Nc3 {[%emt 0:00:00]} d6 {[%emt 0:00:01]} 7. f4 {[%emt 0:00:02]} Nc6 {[%emt 0:00:01]} 8. Nf3 {[%emt 0:00:01]} a6 {[%emt 0:00:01]} 9. a3 {[%emt 0:00:02]} Qc7 {[%emt 0:00:01]} 10. Bd3 {[%emt 0:00:01]} b6 {[%emt 0:00:01]} 11. Qe2 {[%emt 0:00:01]} Bb7 {[%emt 0:00:01]} 12. O-O {[%emt 0:00:01]} Be7 {[%emt 0:00:00]} 13. Bd2 {[%emt 0:00:03]} Rd8 {[%emt 0:00:01]} 14. Rac1 {[%emt 0:00:02]} O-O {[%emt 0:00:01]} 15. Qe4 {[%emt 0:00:03]} f5 {[%emt 0:00:05]} 16. exf6 {[%emt 0:00:01]} Nxf6 {[%emt 0:00:01]} 17. Qxe6+ {[%emt 0:00:01]} Kh8 {[%emt 0:00:02]} 18. Ne4 {[%emt 0:00:05]} Bc8 {[%emt 0:00:04]} 19. Qb3 {[%emt 0:00:08]} Qb7 {[%emt 0:00:01]} 20. d5 {[%emt 0:00:06]} Nb8 {[%emt 0:00:11]} 21. Nd4 {[%emt 0:00:04]} Nxe4 {[%emt 0:00:03]} 22. Bxe4 {[%emt 0:00:00]} Bf5 {[%emt 0:00:01]} 23. Nxf5 {[%emt 0:00:02]} Bf6 {[%emt 0:00:02]} 24. Bc3 {[%emt 0:00:01]} Bxc3 {[%emt 0:00:03]} 25. Qxc3 {[%emt 0:00:00]} Rf7 {[%emt 0:00:03]} 26. Ng3 {[%emt 0:00:05]} Rdf8 {[%emt 0:00:01]} 27. Bb1 {[%emt 0:00:01]} Rf6 {[%emt 0:00:02]} 28. Qc2 {[%emt 0:00:01]} Qf7 {[%emt 0:00:01]} 29. Qxh7# {[%emt 0:00:02] (Lag: Av=0.24s, max=0.7s)} 1-0

[Event "Stay Safe Play From Home 185"]
[Site "T#646428Emanuel Laske"]
[Date "2020.05.29"]
[Round "7"]
[White "Raja3652016"]
[Black "Grizzzly"]
[Result "0-1"]
[WhiteElo "1618"]
[BlackElo "1705"]
[Annotator "NA RC"]
[PlyCount "68"]
[EventDate "2020.05.29"]
[EventType "swiss (blitz)"]

1. e4 {[%emt 0:00:02]} e6 {[%emt 0:00:01]} 2. d4 {[%emt 0:00:01]} d5 {[%emt 0:00:00]} 3. e5 {[%emt 0:00:01]} c5 {[%emt 0:00:01]} 4. c3 {[%emt 0:00:00]} Nc6 {[%emt 0:00:01]} 5. Bb5 {[%emt 0:00:01]} Qb6 {[%emt 0:00:01]} 6. Bxc6+ {[%emt 0:00:01]} bxc6 {[%emt 0:00:01]} 7. Qb3 {[%emt 0:00:01]} Ba6 {[%emt 0:00:02]} 8. Qxb6 {[%emt 0:00:02]} axb6 {[%emt 0:00:01]} 9. Nd2 {[%emt 0:00:11]} cxd4 {[%emt 0:00:01]} 10. cxd4 {[%emt 0:00:01]} Bb4 {[%emt 0:00:00]} 11. Ne2 {[%emt 0:00:02]} Ne7 {[%emt 0:00:02]} 12. a3 {[%emt 0:00:01]} Bxd2+ {[%emt 0:00:04]} 13. Bxd2 {[%emt 0:00:01]} Nf5 {[%emt 0:00:01]} 14. Bc3 {[%emt 0:00:01]} Rc8 {[%emt 0:00:02]} 15. Kd2 {[%emt 0:00:02]} Bxe2 {[%emt 0:00:03]} 16. Kxe2 {[%emt 0:00:02]} c5 {[%emt 0:00:00]} 17. dxc5 {[%emt 0:00:01]} bxc5 {[%emt 0:00:01]} 18. f4 {[%emt 0:00:02]} d4 {[%emt 0:00:01]} 19. Bd2 {[%emt 0:00:01]} O-O {[%emt 0:00:01]} 20. g3 {[%emt 0:00:01]} c4 {[%emt 0:00:00]} 21. Rac1 {[%emt 0:00:02]} d3+ {[%emt 0:00:00]} 22. Kf3 {[%emt 0:00:02]} Nd4+ {[%emt 0:00:01]} 23. Kg4 {[%emt 0:00:02]} Ne2 {[%emt 0:00:02]} 24. Rhe1 {[%emt 0:00:03]} Nxc1 {[%emt 0:00:03]} 25. Rxc1 {[%emt 0:00:01]} f6 {[%emt 0:00:01]} 26. exf6 {[%emt 0:00:02]} Rxf6 {[%emt 0:00:01]} 27. Bc3 {[%emt 0:00:02]} Rf5 {[%emt 0:00:02]} 28. Kf3 {[%emt 0:00:01]} Rfc5 {[%emt 0:00:02]} 29. Re1 {[%emt 0:00:02]} Re8 {[%emt 0:00:01]} 30. Re5 {[%emt 0:00:01]} Rxe5 {[%emt 0:00:02]} 31. Bxe5 {[%emt 0:00:01]} Kf7 {[%emt 0:00:00]} 32. Ke3 {[%emt 0:00:01]} Rd8 {[%emt 0:00:01]} 33. Kd2 {[%emt 0:00:01]} Kg6 {[%emt 0:00:01]} 34. Kc3 {[%emt 0:00:01]} Kf5 {[%emt 0:00:00] Time (Lag: Av=0.44s, max=0.6s)} 0-1

[Event "Stay Safe Play From Home 185"]
[Site "T#646428Emanuel Laske"]
[Date "2020.05.29"]
[Round "7"]
[White "W Nelles"]
[Black "matematyk3"]
[Result "0-1"]
[WhiteElo "1100"]
[BlackElo "1314"]
[Annotator "NA RC"]
[PlyCount "62"]
[EventDate "2020.05.29"]
[EventType "swiss (blitz)"]

1. e4 {[%emt 0:00:01]} c5 {[%emt 0:00:17]} 2. Nf3 {[%emt 0:00:01]} Nc6 {[%emt 0:00:01]} 3. Bc4 {[%emt 0:00:01]} e6 {[%emt 0:00:01]} 4. O-O {[%emt 0:00:01]} d5 {[%emt 0:00:01]} 5. exd5 {[%emt 0:00:01]} exd5 {[%emt 0:00:00]} 6. Re1+ {[%emt 0:00:01]} Be7 {[%emt 0:00:02]} 7. Bb5 {[%emt 0:00:01]} Bd7 {[%emt 0:00:02]} 8. Nc3 {[%emt 0:00:01]} d4 {[%emt 0:00:02]} 9. Nd5 {[%emt 0:00:01]} Nf6 {[%emt 0:00:02]} 10. Bxc6 {[%emt 0:00:03]} Bxc6 {[%emt 0:00:03]} 11. Nxe7 {[%emt 0:00:01]} Ne4 {[%emt 0:00:05]} 12. Nxc6 {[%emt 0:00:04]} bxc6 {[%emt 0:00:03]} 13. d3 {[%emt 0:00:01]} O-O {[%emt 0:00:04]} 14. Rxe4 {[%emt 0:00:01]} Qf6 {[%emt 0:00:01]} 15. Bd2 {[%emt 0:00:05]} Rae8 {[%emt 0:00:02]} 16. Rxe8 {[%emt 0:00:03]} Rxe8 {[%emt 0:00:01]} 17. Bg5 {[%emt 0:00:01]} Qg6 {[%emt 0:00:02]} 18. Bh4 {[%emt 0:00:03]} Re6 {[%emt 0:00:08]} 19. Qd2 {[%emt 0:00:01]} h6 {[%emt 0:00:03] '} 20. Rf1 {[%emt 0:00:01]} Qg4 {[%emt 0:00:01]} 21. h3 {[%emt 0:00:03]} Qh5 {[%emt 0:00:05]} 22. g4 {[%emt 0:00:03]} Qg6 {[%emt 0:00:05]} 23. Kh1 {[%emt 0:00:03]} f5 {[%emt 0:00:03]} 24. gxf5 {[%emt 0:00:04]} Qxf5 {[%emt 0:00:00]} 25. Rg1 {[%emt 0:00:01]} Qxf3+ {[%emt 0:00:02]} 26. Rg2 {[%emt 0:00:03]} Rg6 {[%emt 0:00:03]} 27. Bg3 {[%emt 0:00:04]} h5 {[%emt 0:00:03]} 28. Qe1 {[%emt 0:00:03]} h4 {[%emt 0:00:01]} 29. Qe8+ {[%emt 0:00:01]} Kh7 {[%emt 0:00:02]} 30. Qe4 {[%emt 0:00:02]} Qxe4 {[%emt 0:00:03]} 31. dxe4 {[%emt 0:00:01]} hxg3 {[%emt 0:00:00] Zeit (Lag: Av=0.53s, max=1.1s)} 0-1

[Event "Stay Safe Play From Home 185"]
[Site "T#646428Emanuel Laske"]
[Date "2020.05.29"]
[Round "8"]
[White "Weltszmerc"]
[Black "Fischer_11"]
[Result "0-1"]
[WhiteElo "2088"]
[BlackElo "1981"]
[Annotator "NA RC"]
[PlyCount "68"]
[EventDate "2020.05.29"]
[EventType "swiss (blitz)"]

1. d4 {[%emt 0:00:01]} e5 {[%emt 0:00:01]} 2. Nf3 {[%emt 0:00:01]} Nc6 {[%emt 0:00:01]} 3. Nxe5 {[%emt 0:00:01]} Nxe5 {[%emt 0:00:01]} 4. dxe5 {[%emt 0:00:00]} d6 {[%emt 0:00:00]} 5. f4 {[%emt 0:00:01]} dxe5 {[%emt 0:00:01]} 6. Qxd8+ {[%emt 0:00:00]} Kxd8 {[%emt 0:00:00]} 7. e3 {[%emt 0:00:01]} exf4 {[%emt 0:00:01]} 8. exf4 {[%emt 0:00:01]} Bd6 {[%emt 0:00:00]} 9. Be3 {[%emt 0:00:01]} Nf6 {[%emt 0:00:01]} 10. Nc3 {[%emt 0:00:01]} Re8 {[%emt 0:00:00]} 11. Kd2 {[%emt 0:00:02]} Bf5 {[%emt 0:00:03]} 12. Rd1 {[%emt 0:00:02]} c6 {[%emt 0:00:01]} 13. h3 {[%emt 0:00:02]} Kc7 {[%emt 0:00:00]} 14. g4 {[%emt 0:00:06]} Ne4+ {[%emt 0:00:02]} 15. Nxe4 {[%emt 0:00:02]} Bxe4 {[%emt 0:00:00]} 16. Rh2 {[%emt 0:00:01]} Rad8 {[%emt 0:00:03]} 17. Kc1 {[%emt 0:00:01]} Bxc2 {[%emt 0:00:04]} 18. Rxc2 {[%emt 0:00:15]} Rxe3 {[%emt 0:00:02]} 19. f5 {[%emt 0:00:00]} Bf4 {[%emt 0:00:04]} 20. Rxd8 {[%emt 0:00:01]} Kxd8 {[%emt 0:00:00]} 21. Kd1 {[%emt 0:00:02]} Rf3 {[%emt 0:00:02]} 22. Bg2 {[%emt 0:00:01]} Rg3 {[%emt 0:00:02]} 23. Re2 {[%emt 0:00:02]} Kd7 {[%emt 0:00:02]} 24. Kc2 {[%emt 0:00:01]} a5 {[%emt 0:00:04]} 25. a3 {[%emt 0:00:00]} f6 {[%emt 0:00:02]} 26. Rf2 {[%emt 0:00:00]} Be5 {[%emt 0:00:01]} 27. Bf1 {[%emt 0:00:02]} a4 {[%emt 0:00:01]} 28. Rd2+ {[%emt 0:00:01]} Kc7 {[%emt 0:00:02]} 29. Rd3 {[%emt 0:00:02]} Rg1 {[%emt 0:00:02]} 30. Be2 {[%emt 0:00:02]} Rh1 {[%emt 0:00:01]} 31. Rf3 {[%emt 0:00:03]} Rh2 {[%emt 0:00:00]} 32. Kd3 {[%emt 0:00:01]} Bxb2 {[%emt 0:00:02]} 33. Rf4 {[%emt 0:00:00]} Be5 {[%emt 0:00:00]} 34. Ke4 {[%emt 0:00:00]} Rxe2+ {[%emt 0:00:02] Czas partii (Lag: Av=0.56s, max=0.8s)} 0-1

[Event "Stay Safe Play From Home 185"]
[Site "T#646428Emanuel Laske"]
[Date "2020.05.29"]
[Round "8"]
[White "SoulofWolf"]
[Black "Rogan"]
[Result "0-1"]
[WhiteElo "2058"]
[BlackElo "2267"]
[Annotator "TA"]
[PlyCount "38"]
[EventDate "2020.05.29"]
[EventType "swiss (blitz)"]

{[%evp 9,37,22,50,17,3,0,4,-16,0,-27,-12,-43,11,-74,-63,-68,-87,-160,-156,-170,-164,-180,-173,-165,-155,-151,-135,-983,-977,-29999]} 1. d4 d5 2. c4 c6 3. Nc3 Nf6 4. Nf3 Bg4 5. Bg5 Bxf3 6. exf3 {D15: Slav Defence: 4 Nc3 a6 and gambit lines after 4 Nc3 dxc4.} e6 7. c5 {[#]} Nbd7 $146 ({Predecessor:} 7... Be7 8. Bd3 Nbd7 9. f4 h6 10. Bh4 Qc7 11. Qf3 O-O 12. O-O b6 13. b4 bxc5 14. bxc5 {0-1 (40) Licciulli,F (1954)-Rametta,M (1774) San Fili 2007}) 8. Rb1 {The position is equal.} Be7 9. Bd3 O-O 10. Qc2 g6 (10... b6 $15) 11. Bh4 (11. f4 $11 {remains equal.}) 11... Nh5 12. Bxe7 Qxe7 13. Qd2 {[#]} (13. O-O $142) 13... e5 $1 $17 14. O-O exd4 15. Ne2 Nxc5 16. Nxd4 Nxd3 17. Qxd3 Nf4 18. Qd2 $2 {[%mdl 8192] [#]} (18. Qb3 $17) 18... Qg5 $1 $19 {[%csl Gf4][%cal Rg5g2]} 19. Kh1 Qxg2# {White got outplayed after the opening. Accuracy: White = 30%, Black = 91%.} 0-1

[Event "Stay Safe Play From Home 185"]
[Site "T#646428Emanuel Laske"]
[Date "2020.05.29"]
[Round "8"]
[White "Lazieri3"]
[Black "Little champs"]
[Result "0-1"]
[WhiteElo "2041"]
[BlackElo "2084"]
[Annotator "TA"]
[PlyCount "78"]
[EventDate "2020.05.29"]
[EventType "swiss (blitz)"]

{[%evp 9,78,-4,-3,-23,-10,-25,0,0,0,0,33,-219,-145,-149,-134,-134,-100,-123,-46,-46,271,-50,412,275,262,-316,-317,-529,-512,-626,-616,-587,0,0,18,-436,-422,-763,111,-56,-51,-59,0,-96,-93,-202,-151,-317,-297,-418,-410,-373,-198,-6407,-6170,-29976,-29977,-29977,-29978,-29980,-4878,-29988,-29970,-29982,-29983,-29985,-29986,-29986,-29987,-29989,-29990]} 1. e4 c5 2. Nc3 d6 3. d3 Nc6 4. Nf3 Nf6 5. Be3 g6 6. Qd2 {B50: Sicilian: 2...d6, Miscellaneous.} Bg7 7. Bh6 O-O 8. h4 {The position is equal.} Bg4 {[#]} 9. h5 $146 {Strongly threatening hxg6.} ({Predecessor:} 9. Be2 a6 10. Nd5 Nxd5 11. exd5 Na7 12. h5 e6 13. hxg6 Qf6 14. Bxg7 Qxg7 15. Rxh7 Qxg6 16. Rh6 Qg7 17. O-O-O Bf5 18. dxe6 fxe6 19. Rdh1 {1-0 (19) Pulido,D (2011)-Velasco,L (1664) Ibague 2017}) 9... Bxh5 10. g4 $2 {[%mdl 8192]} (10. Nh2 $14 {keeps the upper hand.}) 10... Nxg4 11. Bxg7 Kxg7 12. Be2 e5 13. Nd5 f5 (13... Nf6 $17 14. Ng1 Nd4 15. Bxh5 Nxh5) 14. O-O-O $1 $15 fxe4 $2 {[%mdl 8192]} (14... Qa5 $15 15. Qxa5 Nxa5) 15. dxe4 $2 (15. Ng5 $18 Kg8 16. Bxg4 Bxg4 17. Nxh7 Bxd1 18. Kxd1) 15... Rc8 $2 {[%mdl 8192]} (15... Nxf2 $15 {stays ahead.} 16. Ng5 Qd7 17. Nxh7 Nxe4) 16. Rdg1 {Black must now prevent Ng5.} Qa5 17. c3 $4 {[%mdl 8192]} (17. Qxa5 $18 Nxa5 18. Ng5 Nxf2 19. Rh4 Nxe4 20. Rxe4 Bxe2 21. Ne6+ (21. Rxe2 Rf5 $16) 21... Kf7 22. Ng5+ (22. Nxf8 Rxf8 23. Rxe2 Ke6 $18) 22... Kg7 23. Ne6+ (23. Rxe2 Rf5 $18) 23... Kf7 24. Nxf8 Rxf8 25. Rxe2) 17... Qxa2 $19 {aiming for ...Nb4!} 18. Rxh5 $2 (18. b3 {was the only defense.} Qa3+ 19. Qb2 Qxb2+ 20. Kxb2) 18... gxh5 19. Qg5+ Kh8 {And now ...Nb4! would win.} 20. Qxh5 {[#]} Qa1+ $2 (20... Nd4 $1 $19 {( -> ...Qa1+)} 21. Nxd4 (21. cxd4 cxd4+) 21... Qa1+ 22. Kd2 Qxg1 23. Qxg4 Qxg4 24. Bxg4 cxd4 25. Bxc8 dxc3+ 26. Nxc3 Rxc8) 21. Kc2 $11 Qa4+ 22. Kb1 $2 {[%mdl 8192]} (22. Kd2 $1 $11 {and White has nothing to worry.} Nd4 23. Nxd4 Nxf2 24. Ne7) 22... Qxe4+ $19 {[%mdl 64] Double Attack} 23. Ka1 (23. Kc1 $142 Na5 24. Bd1 Qxd5 25. Rxg4) 23... Qg6 $2 ({Better is} 23... Qxe2 $19 24. Qxg4 Rg8) 24. Qxg4 $2 (24. Qxg6 $16 {Rh1! would kill now.} hxg6 25. Rxg4) 24... Qxg4 $15 25. Rxg4 Rg8 ({Black should try} 25... Rf7 $15 26. Ng5 Rg7) 26. Rxg8+ (26. Rh4 $1 $11 {remains equal.}) 26... Rxg8 $17 27. Nh4 (27. Nd2 $17) 27... Rg5 28. Nf3 $2 (28. Kb1 $17 {was called for.}) 28... Rg2 $19 29. Bb5 (29. Bd3 $142) 29... Rxf2 30. Ng5 h6 (30... h5 $142 {Hoping for ...h4.} 31. Ka2 h4) 31. Bxc6 $2 (31. Ne4 Rh2 32. Nxd6) 31... bxc6 32. Ne4 Rf1+ 33. Ka2 cxd5 34. Nxd6 {[%mdl 4096] Endgame KR-KN} d4 (34... e4 $142 35. Kb3 e3 36. Ka4 e2 37. Kb5 e1=Q 38. b3 Qxc3 39. Kc6 {[#]} Rf6 $1 {[%mdl 512]} 40. Kd7 Qe5 41. Nc8 Qe6+ 42. Kc7 Rf7+ 43. Kb8 Qd7 44. Ne7 Rf8+ 45. Nc8 Rxc8#) 35. Nf7+ Kg7 {Black mates.} 36. Nxe5 dxc3 37. bxc3 h5 38. Kb3 h4 39. Nd3 h3 {Accuracy: White = 30%, Black = 40%.} 0-1